| 000 | 00541pab a2200193 454500 | ||
|---|---|---|---|
| 008 | 180718b2013 xxu||||| |||| 00| 0 eng d | ||
| 100 | _aVidhu Mohan | ||
| 245 | _aEffect of meaningfulness in life and stress resilience on mental health of Punjab police personnel | ||
| 260 | _c2013 | ||
| 300 | _ap.139-149. | ||
| 362 | _aJan-Mar | ||
| 650 | _aMental health - India - Punjab | ||
| 650 | _aPolice - India - Punjab | ||
| 650 | _aPolice | ||
| 700 | _aKaur, Manpreet | ||
| 773 | _aIndian Police Journal | ||
| 908 | _aN | ||
| 909 | _a98936 | ||
| 999 |
_c98935 _d98935 |
||